000
00188 a2200097 4500
001
6978
100
_a
Lay, J.E
245
_a
Thermodynamics
260
_a
_b
Pitman
_c
090
_c
5761
_d
5761
942
_a
NUST-CAE
_c
M
_c
32224
999
_c
242051
_d
242051